Skúmanie vplyvu motivačných faktorov vo vyučovacom procese vo vybranej skupine študentov Ekonomickej univerzity v Bratislave

V príspevku autorka poukazuje na priestor pre zvyšovanie motivácie vo vyučovacom procese prostredníctvom poznania vplyvu jednotlivých motivačných faktorov na študentov. Motivácia vnútorná, motivácia vonkajšia.

Salvato in:
Dettagli Bibliografici
Autore principale: Rakovská, Júlia, 1972-
Natura: Capitolo di libro
Lingua:slovacco
Soggetti:
Tags: Aggiungi Tag
Nessun Tag, puoi essere il primo ad aggiungerne!!

MARC

LEADER 00000nla a2200000 4500
001 0213526
005 20240502073548.7
041 0 |a slo 
044 |a SK 
245 1 0 |a Skúmanie vplyvu motivačných faktorov vo vyučovacom procese vo vybranej skupine študentov Ekonomickej univerzity v Bratislave  |c Júlia Rakovská 
520 |a V príspevku autorka poukazuje na priestor pre zvyšovanie motivácie vo vyučovacom procese prostredníctvom poznania vplyvu jednotlivých motivačných faktorov na študentov. Motivácia vnútorná, motivácia vonkajšia. 
610 2 0 |a študenti 
610 2 0 |a učitelia 
610 2 0 |a vyučovanie 
610 2 0 |a motivácia 
610 2 0 |a Ekonomická univerzita v Bratislave 
100 1 |a Rakovská, Júlia, 1972-